LEADER 01054nam a22002531i 4500 001 991003958059707536 005 20030929084409.0 008 031111s1979 sz |||||||||||||||||fre 035 $ab12498658-39ule_inst 035 $aARCHE-053192$9ExL 040 $aDip.to Lingue$bita$cA.t.i. Arché s.c.r.l. Pandora Sicilia s.r.l. 082 04$a842.5 100 1 $aMercier, Louis Sebastien$0411260 245 12$aL'an deux mille quatre cent quarante, suivi de l'Homme de fer I-III /$cLouis Sébastien Mercier ; avec une preface de Raymond Trousson 260 $aGenève :$bSlatkine,$c1979 300 $a1 v. ;$c22 cm 500 $aRipr. facs. dell'ed. in 3 v.: Paris, 1799 700 1 $aTrousson, Raymond 907 $a.b12498658$b02-04-14$c13-11-03 912 $a991003958059707536 945 $aLE012 848.5 MER 9$g1$i2012000144668$lle012$o-$pE0.00$q-$rl$s- $t0$u0$v0$w0$x0$y.i12934641$z13-11-03 996 $aAn deux mille quatre cent quarante, suivi de l'Homme de fer I-III$9182173 997 $aUNISALENTO 998 $ale012$b13-11-03$cm$da $e-$ffre$gsz $h2$i1 LEADER 01871nas 2200601-a 450 001 996214105803316 005 20230215213018.0 011 $a1465-3907 035 $a(DE-599)ZDB1481790-1 035 $a(OCoLC)48909108 035 $a(CKB)954925265217 035 $a(CONSER)--2002238099 035 $a(EXLCZ)99954925265217 100 $a20020131b19552012 --- - 101 0 $aeng 135 $aurmnu|||||||| 181 $ctxt$2rdacontent 182 $cc$2rdamedia 183 $acr$2rdacarrier 200 00$aJournal of the Society of Archivists 210 $a[Abingdon, Oxfordshire] $cCarfax Pub., part of the Taylor & Francis Group 215 $a1 online resource 300 $aRefereed/Peer-reviewed 311 $a0037-9816 517 1 $aJSA 531 $aSOCIETY OF ARCHIVISTS JOURNAL 531 $aJ SOC ARCH 531 $aJOURNAL OF THE SOCIETY OF ARCHIVISTS. SOCIETY OF ARCHIVISTS 531 $aSOCIETY OF ARCHIVISTS 606 $aArchives$vPeriodicals 606 $aArchival Science$2ebps 606 $aArchives$2fast$3(OCoLC)fst00814030 606 $aArchieven$2gtt 606 $aArchives$2rasuqam 606 $aArchivistique$2rasuqam 608 $aPeriodicals.$2fast 608 $aPeriodicals.$2lcgft 608 $aRessource Internet (Descripteur de forme)$2rasuqam 608 $aPériodique électronique (Descripteur de forme)$2rasuqam 610 $aHistory - General 615 0$aArchives 615 7$aArchival Science. 615 7$aArchives. 615 17$aArchieven. 615 7$aArchives. 615 7$aArchivistique. 676 $a016.942 712 02$aSociety of Archivists (Great Britain), 712 02$aArchives & Records Association (United Kingdom & Ireland), 906 $aJOURNAL 912 $a996214105803316 996 $aJournal of the Society of Archivists$92573858 997 $aUNISA